[Event "Titled Tuesday intern op 20th July"]
[Site "Chess.com INT"]
[Date "2021.07.20"]
[Round "7"]
[White "Alvarez Fernandez, Enrique"]
[Black "Tharushi, THD Niklesha"]
[Result "0-1"]
[WhiteElo "2349"]
[BlackElo "1711"]
[PlyCount "66"]
[EventDate "2021.07.20"]
[EventType "swiss (blitz)"]
[EventRounds "11"]
[EventCountry "USA"]
[SourceTitle "CBM 203 Extra"]
[Source "ChessBase"]
[SourceDate "2021.09.30"]
[SourceVersion "1"]
[SourceVersionDate "2021.09.30"]
[SourceQuality "1"]

1. e4 c6 2. d4 d5 3. Nc3 dxe4 4. Nxe4 Nf6 5. Nxf6+ exf6 6. c3 Bd6 7. Nf3 Be6 8. Bd3 0-0 9. 0-0 Re8 10. Re1 Nd7 11. Qc2 Nf8 12. c4 Bc7 13. a3 a6 14. b4 b5 15. c5 a5 16. Bb2 axb4 17. axb4 Rxa1 18. Bxa1 Qd7 19. Bb2 Ra8 20. h3 Ra2 21. Ra1 Rxa1+ 22. Bxa1 Ng6 23. h4 Bg4 24. Nh2 Bxh2+ 25. Kxh2 Nxh4 26. Bxh7+ Kh8 27. Be4 f5 28. Bd3 Qc7+ 29. Kg1 Nf3+ 30. gxf3 Bxf3 31. Qd2 Qe7 32. Bf1 Qh4 33. Bg2 Qg4 0-1

[Event "Titled Tuesday intern op 20th July"]
[Site "Chess.com INT"]
[Date "2021.07.20"]
[Round "11"]
[White "Desideri, Ricardo Maruchi"]
[Black "Alvarez Fernandez, Enrique"]
[Result "0-1"]
[WhiteElo "1939"]
[BlackElo "2349"]
[PlyCount "32"]
[EventDate "2021.07.20"]
[EventType "swiss (blitz)"]
[EventRounds "11"]
[EventCountry "USA"]
[SourceTitle "CBM 203 Extra"]
[Source "ChessBase"]
[SourceDate "2021.09.30"]
[SourceVersion "1"]
[SourceVersionDate "2021.09.30"]
[SourceQuality "1"]

1. e4 c5 2. Nf3 Nc6 3. d4 cxd4 4. Nxd4 Nf6 5. Nc3 e6 6. Be3 Bb4 7. Nxc6 bxc6 8. e5 Nd5 9. Qg4 Nxe3 10. fxe3 Bxc3+ 11. bxc3 0-0 12. Bd3 Qa5 13. 0-0 Qxe5 14. Rf3 Qxc3 15. Raf1 f5 16. e4 Qc5+ 0-1

[Event "Titled Tuesday intern op 20th July"]
[Site "Chess.com INT"]
[Date "2021.07.20"]
[Round "9"]
[White "Grigoryan, Meri"]
[Black "Alvarez Fernandez, Enrique"]
[Result "1-0"]
[WhiteElo "2044"]
[BlackElo "2349"]
[PlyCount "43"]
[EventDate "2021.07.20"]
[EventType "swiss (blitz)"]
[EventRounds "11"]
[EventCountry "USA"]
[SourceTitle "CBM 203 Extra"]
[Source "ChessBase"]
[SourceDate "2021.09.30"]
[SourceVersion "1"]
[SourceVersionDate "2021.09.30"]
[SourceQuality "1"]

1. d4 Nf6 2. c4 g6 3. Nc3 d5 4. Nf3 Bg7 5. e3 0-0 6. cxd5 Nxd5 7. Bd3 c5 8. 0-0 Nxc3 9. bxc3 Nc6 10. Rb1 Bg4 11. Be2 Qc7 12. h3 Bf5 13. Bd3 Bxd3 14. Qxd3 Rad8 15. Qb5 cxd4 16. cxd4 Qd6 17. Bd2 b6 18. Rfc1 Rc8 19. a4 e5 20. d5 Ne7 21. Bb4 Qd7 22. Qxd7 1-0